Brawl Stars: Ollie Skins by Picture - Statistics

General Stats
  • This quiz has been taken 28 times
    10 since last reset
  • The average score is 5 of 5
Answer Stats
Picture Answer % Correct
Pharaollie
100%
True Gold Ollie
100%
True Silver Ollie
100%
Ollie-G
86%
Jake Ollie
71%
No matching quizzes found
Score Distribution
Percent of People with Each Score
Percentile by Number Answered
Your Score History
You have not taken this quiz since the last reset